000 004400000a22001930004500
001 428
003 CO-MdFUSB
005 20170615144622.0
008 170615b xxu||||| |||| 00| 0 eng d
020 _a978-95804-9988-6
040 _cCO-MdBIC
082 0 4 _a863C B862a
100 1 _aPauli, Lorenz
245 1 0 _aLa caja / Lorenz Pauli
260 _aColombia : Norma
300 _a20 P.
650 1 4 _aLiteratura infantil
942 _cLGB
999 _c47670
_d47670